The struggle for equal political representation of women in Sri Lanka : (Record no. 4671)

MARC details
000 -LEADER
fixed length control field 00788nam a2200169 4500
008 - FIXED-LENGTH DATA ELEMENTS--GENERAL INFORMATION
fixed length control field 240122b |||||||| |||| 00| 0 eng d
020 ## - ISBN
ISBN 9789550249008
082 ## - DEWEY DECIMAL CLASSIFICATION NUMBER
Classification number 323.34
Item number KOD
942 ## - ADDED ENTRY ELEMENTS (KOHA)
Item Type Reports
100 ## - MAIN ENTRY--PERSONAL NAME
Personal Name Kodikara, Chulani
245 ## - TITLE STATEMENT
Title The struggle for equal political representation of women in Sri Lanka :
Sub Title a stocktaking report for the Ministry of Child Development and Women's Empowerment and the United Nations Development Programme
260 ## - PUBLICATION, DISTRIBUTION, ETC. (IMPRINT)
Place of Publication [Colombo]:
Name of Publisher [Ministry of Child Development and Women's Empowerment],
Date of Copyright 2009
300 ## - PHYSICAL DESCRIPTION
Extent xi, 178 p. ; 28 cm
Physical Details Bibliography included
856 ## - ELECTRONIC LOCATION AND ACCESS
Uniform Resource Identifier <a href="https://www.undp.org/sites/g/files/zskgke326/files/migration/lk/WPE-FINAL-PDF.pdf">https://www.undp.org/sites/g/files/zskgke326/files/migration/lk/WPE-FINAL-PDF.pdf</a>
650 ## - SUBJECT ADDED ENTRY--TOPICAL TERM
Topical Term Political participation -Sri Lanka
650 ## - SUBJECT ADDED ENTRY--TOPICAL TERM
Topical Term Women Political activity- Sri Lanka
Holdings
Withdrawn status Lost status Source of classification or shelving scheme Damaged status Not for loan Permanent location Current location Date acquired Total Checkouts Full call number Barcode Date last seen Price effective from Koha item type
    Dewey Decimal Classification     Resource center, Muslim Women's Research And Action Forum Resource center, Muslim Women's Research And Action Forum 2024-01-22   323.34 KOD RAF4909 2024-01-22 2024-01-22 Reports

Copyright © 2023 Muslim Women's Research and Action Forum (MWRAF), No 27/3, Anderson Road, Kalubowila, Dehiwela. Funded by The Asia Fundation